Southern regional education board: Ten years of regional cooperation in higher education (Record no. 1363951)

MARC details
000 -LEADER
fixed length control field 00615nam a2200193Ia 4500
005 - DATE AND TIME OF LATEST TRANSACTION
control field 20250508160343.0
008 - FIXED-LENGTH DATA ELEMENTS--GENERAL INFORMATION
fixed length control field 008 250505s9999 xx 000 0 eng d
037 ## - SOURCE OF ACQUISITION
Stock number Textual
040 ## - CATALOGING SOURCE
Original cataloging agency FEDL
Language of cataloging eng
Transcribing agency FEDL
041 ## - LANGUAGE CODE
Language code of text/sound track or separate title eng
Source of code eng
084 ## - COLON CLASSIFICATION NUMBER
Classification number 378.1, SUG
Assigning agency FEDL
100 ## - MAIN ENTRY--PERSONAL NAME
Personal name Sugg Redding S
9 (RLIN) 768338
245 #0 - TITLE STATEMENT
Title Southern regional education board: Ten years of regional cooperation in higher education
260 ## - PUBLICATION, DISTRIBUTION, ETC.
Place of publication, distribution, etc. Louisiana
Name of publisher, distributor, etc. Louisiana State University Press
Date of publication, distribution, etc. 1960
300 ## - PHYSICAL DESCRIPTION
Extent xv,179p.
700 ## - ADDED ENTRY--PERSONAL NAME
Personal name Jones George Hilton
9 (RLIN) 768339
942 ## - ADDED ENTRY ELEMENTS (KOHA)
Koha item type Textual
Classification part 378.1, SUG
Holdings
Withdrawn status Lost status Damaged status Not for loan Home library Current library Date acquired Total Checkouts Full call number Barcode Date last seen Price effective from Koha item type
        Department of Education Library Department of Education Library 2025-05-08   378.1, SUG EL0050197 2025-05-08 2025-05-08 Textual
Copyright @ Delhi University Library System